Jay-Z Albums - Statistics

General Stats
  • This quiz has been taken 92 times
  • The average score is 11 of 14
Answer Stats
Release Date Answer % Correct
September 11, 2001 The Blueprint
100%
June 30, 2017 4:44
97%
November 12, 2002 The Blueprint²: The Gift & the Curse
96%
September 8, 2009 The Blueprint 3
94%
June 25, 1996 Reasonable Doubt
90%
November 14, 2003 The Black Album
87%
August 8, 2011 Watch The Throne
81%
September 29, 1998 Vol. 2... Hard Knock Life
73%
December 28, 1999 Vol. 3... Life and Times of S. Carter
72%
November 4, 1997 In My Lifetime, Vol. 1
70%
July 4, 2013 Magna Carta, Holy Grail
70%
November 6, 2007 American Gangster
64%
November 21, 2006 Kingdom Come
57%
October 31, 2000 The Dynasty: Roc La Familia
54%
No matching quizzes found
Score Distribution
Percent of People with Each Score
Percentile by Number Answered
Your Score History
You have not taken this quiz